पिंजरे में पंख सही सलामतः (Record no. 89235)
[ view plain ]
| 000 -LEADER | |
|---|---|
| fixed length control field | 00910nam a22002177a 4500 |
| 005 - DATE AND TIME OF LATEST TRANSACTION | |
| control field | 20141010122210.0 |
| 010 ## - LCCN (DPL NO) | |
| LC control number | HIN-103731 |
| 020 ## - INTERNATIONAL STANDARD BOOK NUMBER | |
| International Standard Book Number | 9788186927526 |
| Terms of availability | 190.00 |
| 035 ## - SYSTEM CONTROL NUMBER | |
| System control number | HN-76077 |
| 037 ## - SOURCE OF ACQUISITION | |
| Source of stock number/acquisition | DBAD / PUB |
| 082 ## - DEWEY DECIMAL CLASSIFICATION NUMBER | |
| Classification number | 821 |
| 100 ## - MAIN ENTRY--PERSONAL NAME | |
| Personal name | व्होरा, आशारानी |
| 245 ## - TITLE STATEMENT | |
| Title | पिंजरे में पंख सही सलामतः |
| Statement of responsibility, etc | आशारानी व्होरा |
| Remainder of title | गीत संग्रह / |
| 246 ## - VARYING FORM OF TITLE | |
| Title proper/short title | Pinjre mein Pankh sahi salamat |
| Remainder of title | by Asha Rani Vhara |
| 260 ## - PUBLICATION, DISTRIBUTION, ETC. (IMPRINT) | |
| Place of publication, distribution, etc | दिल्ली |
| Name of publisher, distributor, etc | साहित्य वीथी प्रकाशन |
| Date of publication, distribution, etc | 2012 |
| 270 ## - ADDRESS | |
| Address | 27/111, विश्वास नगर |
| City | दिल्ली |
| Postal code | 110032 |
| 300 ## - PHYSICAL DESCRIPTION | |
| Extent | 96पृ. |
| Dimensions | 22से.मी.(सजिल्द) |
| 650 ## - SUBJECT ADDED ENTRY--TOPICAL TERM | |
| Topical term or geographic name as entry element | हिन्दी कविताएँ |
| 650 ## - SUBJECT ADDED ENTRY--TOPICAL TERM | |
| Topical term or geographic name as entry element | Hindi Poerty |
| 942 ## - ADDED ENTRY ELEMENTS (KOHA) | |
| Source of classification or shelving scheme | Dewey Decimal Classification |
| Item type | Hindi Books |
| Classification part | 821 |
| Call number suffix | व्होराआ |
| Withdrawn status | Lost status | Not for loan | Collection code | Home library | Current library | Date acquired | Source of acquisition | Cost, normal purchase price | Full call number | Barcode | Copy number | Cost, replacement price | Koha item type |
|---|---|---|---|---|---|---|---|---|---|---|---|---|---|
| Not For Loan | Non-fiction | D.B.Act.Division | D.B.Act.Division | 10/10/2014 | DBAD / PUB | 190.00 | 821 व्होराआ | HN-76077 | 1 | 190.00 | Hindi Books |
